Twilight - Personnages par images - Statistiques

Statistiques générales
  • Ce quiz a été pris 386 fois
  • Le résultat moyen est 12 sur 16
Statistiques - réponses
Par images Réponse % Correct
Jacob Black
100%
Bella Swan
96%
Edward Cullen
95%
Alice Cullen
93%
Jasper Cullen
87%
Renesmée Cullen
86%
Charlie Swan
84%
Rosalie Cullen
81%
Victoria
81%
Esmée Cullen
76%
Carlisle Cullen
71%
Emmett Cullen
66%
Aro
65%
Jane
51%
Alec
34%
Bree Tanner
20%
Aucun quiz correspondant
Distribution des résultats
% des personnes avec chaque résultat
Percentile par nombre de réponses
Votre historique - résultats
Vous n’avez pas pris ce quiz